000 00812nam a2200253 i 4500
001 17044
003 ES-MaACL
005 20230906151506.0
007 t|
008 001218s1992 sp ||||1| spa d
020 _a84-7954-078-8
080 _a892.7(567)-32"08"
100 1 _aAl-Yahiz, Amr b. Bahr.
_919061
245 1 0 _aLibro de los avaros /
_cAl-Yahiz ; traducción, notas e índices, Serafín Fanjul, con la participación de Alcaén Sánchez.
250 _a[2ª ed.].
260 _aMadrid :
_bLibertarias/Prodhufi,
_c1992.
300 _a333 p. ;
_c20 cm.
490 1 _aTres de cuatro soles ;
_v24
700 1 _aFanjul, Serafín.
_948802
700 1 _aSánchez, Alcaén.
_9102335
830 0 _aTres de cuatro soles ;
_v24
_9178061
852 _aES-MaACL
_jL-24016
_bR.129281
999 _c17044
_d17044